|
|
|
|
| LEADER |
00791pam a22002298a 4500 |
| 001 |
00020676 |
| 005 |
20171026081022.0 |
| 008 |
110519s1987 ||||||Viesd |
| 041 |
0 |
# |
|a Vie
|
| 082 |
1 |
4 |
|a 895.922 3
|b C460NGH
|
| 100 |
0 |
# |
|a Thái Vũ
|
| 245 |
0 |
0 |
|b Tiểu thuyết lịch sử
|c Thái Vũ
|n T.2
|a Cờ nghĩa Ba Đình
|
| 250 |
# |
# |
|a Tái bản
|
| 260 |
# |
# |
|a Thanh Hóa
|b Thanh Hóa
|c 1987
|
| 300 |
# |
# |
|a 523 tr.
|c 19 cm.
|
| 650 |
# |
4 |
|a Văn học Việt Nam
|
| 653 |
# |
# |
|a Tiểu thuyết lịch sử
|
| 852 |
# |
# |
|b Kho mượn
|j KM.0002425, KM.0007539
|
| 852 |
# |
# |
|b Kho đọc
|j KD.0006024
|
| 852 |
# |
# |
|j KD.0006024
|j KM.0002425
|j KM.0007539
|
| 910 |
0 |
# |
|a Hoa Lê
|d 19/05/2011
|
| 980 |
# |
# |
|a Trung tâm Học liệu Lê Vũ Hùng, Trường Đại học Đồng Tháp
|